Etika seksuil (Record no. 89083)

MARC details
000 -LEADER
fixed length control field 00700cam a22002531 4500
001 - CONTROL NUMBER
control field sa 68019801
003 - CONTROL NUMBER IDENTIFIER
control field DLC
005 - DATE AND TIME OF LATEST TRANSACTION
control field 20260227112720.0
008 - FIXED-LENGTH DATA ELEMENTS--GENERAL INFORMATION
fixed length control field 770411s1966 io 000 0 ind
010 ## - LIBRARY OF CONGRESS CONTROL NUMBER
LC control number sa 68019801
035 ## - SYSTEM CONTROL NUMBER
System control number (OCoLC)2879444
040 ## - CATALOGING SOURCE
Original cataloging agency DLC
Transcribing agency OAU
Modifying agency DLC
042 ## - AUTHENTICATION CODE
Authentication code premarc
050 00 - LIBRARY OF CONGRESS CALL NUMBER
Classification number HQ1051
Item number .V4 1966
100 1# - MAIN ENTRY--PERSONAL NAME
Personal name Verkuyl, Johannes.
245 10 - TITLE STATEMENT
Title Etika seksuil
Statement of responsibility, etc. [oleh] J. Verkuyl. Terdjemahan Soegiarto.
250 ## - EDITION STATEMENT
Edition statement Tjet. 4.
260 ## - PUBLICATION, DISTRIBUTION, ETC.
Place of publication, distribution, etc. Djakarta,
Name of publisher, distributor, etc. Badan Penerbit Kristen
Date of publication, distribution, etc. [1966]
300 ## - PHYSICAL DESCRIPTION
Extent 180 p.
Dimensions 21 cm.
490 0# - SERIES STATEMENT
Series statement Seri etika Kristen,
Volume/sequential designation djil. II,2
504 ## - BIBLIOGRAPHY, ETC. NOTE
Bibliography, etc. note Bibliography: 175-176.
650 #0 - SUBJECT ADDED ENTRY--TOPICAL TERM
Topical term or geographic name entry element Marriage.
650 #0 - SUBJECT ADDED ENTRY--TOPICAL TERM
Topical term or geographic name entry element Sex
General subdivision Religious aspects.

No items available.

Powered by Koha